Chris Chan Trolls - Statistics

General Stats
  • This quiz has been taken 91 times
  • The average score is 8 of 26
Answer Stats
Answer % Correct
Liquid Chris
95%
Bluespike
89%
Clyde Cash
80%
Idea Guys
51%
Kacey
51%
Asperpedia 4
49%
Isabella Loretta Janke
42%
Ivy
42%
Jack Thaddeus
42%
Emily
31%
Man in the Pickle Suit
31%
Jessica Quinn
29%
Jackie
25%
Catherine
24%
Billy Mays
22%
Teen Troon Squad
16%
Jason Kendrick Howell
15%
Jimmy Hill
15%
Lordsillynipples
15%
Blanca Wiess
11%
Bryan Bash
11%
Thorg
11%
Ben Saint
5%
Johan
5%
Thetan
5%
Larry Vaughn
4%
No matching quizzes found
Score Distribution
Percent of People with Each Score
Percentile by Number Answered
Your Score History
You have not taken this quiz